[Event "Caxias do Sul Uva rap"]
[Site "Caxias do Sul"]
[Date "2014.03.06"]
[Round "6"]
[White "Carlsen, Magnus"]
[Black "Rodriguez Vila, Andres"]
[Result "1-0"]
[WhiteElo "2881"]
[BlackElo "2437"]
[PlyCount "87"]
[EventDate "2014.03.06"]
[EventType "tourn (rapid)"]
[EventRounds "6"]
[EventCountry "BRA"]
[EventCategory "16"]
[SourceTitle "CBM 159"]
[Source "ChessBase"]
[SourceDate "2014.03.17"]

1. e4 e6 2. g3 d5 3. Bg2 dxe4 4. Nc3 Nf6 5. Nxe4 Nxe4 6. Bxe4 Nd7 7. Bg2 c5 8.
Nf3 Be7 9. O-O O-O 10. d4 cxd4 11. Qxd4 Nc5 12. Rd1 Qxd4 13. Nxd4 a6 14. a4 e5
15. Ne2 Be6 16. b4 Bc4 17. bxc5 Bxe2 18. Rd5 Bc4 19. Rxe5 Bf6 20. Bf4 Rac8 21.
Bxb7 Bxe5 22. Bxe5 Rxc5 23. Bd6 Rfc8 24. Bxc5 Rxc5 25. a5 f5 26. c3 Bb5 27. Ra3
Kf7 28. f4 Ke6 29. Kf2 h6 30. Ke3 g5 31. Bf3 Kd6 32. Rb3 Ke6 33. Kd2 Kd6 34.
Rb4 Kc7 35. fxg5 hxg5 36. h4 gxh4 37. gxh4 Be8 38. h5 Rxa5 39. Rh4 Ra2+ 40. Kd3
Bb5+ 41. c4 Ra3+ 42. Ke2 Ra4 43. Bd5 Kd6 44. h6 1-0

[Event "Caxias do Sul Uva Extra rap"]
[Site "Caxias do Sul"]
[Date "2014.03.06"]
[Round "4"]
[White "Rodriguez Vila, Andres"]
[Black "Carlsen, Magnus"]
[Result "0-1"]
[WhiteElo "2437"]
[BlackElo "2881"]
[PlyCount "142"]
[EventDate "2014.03.06"]
[EventType "game (rapid)"]
[EventRounds "4"]
[EventCountry "BRA"]
[SourceTitle "CBM 159 Extra"]
[Source "ChessBase"]
[SourceDate "2014.04.24"]

1. e4 e5 2. Nf3 Nc6 3. Bc4 Bc5 4. c3 Nf6 5. d3 a6 6. O-O d6 7. Bb3 Ba7 8. Nbd2
O-O 9. Re1 Ng4 10. Re2 Kh8 11. h3 Nh6 12. Nf1 f5 13. Bg5 Qe8 14. Qd2 fxe4 15.
dxe4 Ng8 16. N3h2 Qg6 17. Ng3 Nf6 18. Be3 Na5 19. Bxa7 Nxb3 20. axb3 Rxa7 21.
b4 Bd7 22. Nf3 Raa8 23. Nh4 Qf7 24. Qg5 h6 25. Qe3 Nh5 26. Ngf5 Nf4 27. Rd2 Qf6
28. Qg3 Kh7 29. Re1 g5 30. Nf3 Bxf5 31. exf5 Qxf5 32. Nh2 Rae8 33. Ng4 e4 34.
Ne3 Qf7 35. Qg4 d5 36. Qd1 c6 37. Kh2 Nd3 38. Rf1 Re6 39. Kg1 Qf4 40. Qe2 Ref6
41. Ng4 R6f7 42. f3 h5 43. Nh2 Qg3 44. fxe4 Nf4 45. Rxf4 Qxf4 46. exd5 cxd5 47.
Qxh5+ Kg7 48. Qe2 Qe4 49. Nf3 Re8 50. Qf2 Rf5 51. Qg3 Qf4 52. Qxf4 gxf4 53. Kf2
Kf6 54. Rd4 Re4 55. Rd3 Rh5 56. Nh2 Ke6 57. Ng4 Rh7 58. Kf3 Rf7 59. Nf2 Re1 60.
h4 Rh7 61. Kg4 Rg1 62. Kf3 Rxh4 63. Nh3 Rf1+ 64. Ke2 Rb1 65. Kf3 Ke5 66. Rd2
Re1 67. Rd4 Re4 68. Rd2 Re3+ 69. Kf2 Rg4 70. Rd4 Re4 71. Rd3 Rg3 0-1

[Event "Caxias do Sul Uva rap"]
[Site "Caxias do Sul"]
[Date "2014.03.06"]
[Round "3"]
[White "Rodriguez Vila, Andres"]
[Black "Carlsen, Magnus"]
[Result "0-1"]
[WhiteElo "2437"]
[BlackElo "2881"]
[PlyCount "42"]
[EventDate "2014.03.06"]
[EventType "tourn (rapid)"]
[EventRounds "6"]
[EventCountry "BRA"]
[EventCategory "16"]
[SourceTitle "CBM 159"]
[Source "ChessBase"]
[SourceDate "2014.03.17"]

1. b3 Nf6 2. Bb2 g6 3. Nf3 Bg7 4. c4 c5 5. e3 b6 6. Be2 O-O 7. O-O e6 8. Na3
Bb7 9. Nc2 d5 10. Rc1 Nc6 11. a3 Qe7 12. cxd5 exd5 13. d4 Rac8 14. Qd2 Rfd8 15.
Rfd1 Na5 16. Na1 Ne4 17. Qd3 c4 18. bxc4 dxc4 19. Qb1 c3 20. Bxc3 Nxc3 21. Rxc3
Rxc3 0-1

[Event "Caxias do Sul Uva rap"]
[Site "Caxias do Sul"]
[Date "2014.03.06"]
[Round "5"]
[White "Milos, Gilberto"]
[Black "Carlsen, Magnus"]
[Result "0-1"]
[WhiteElo "2583"]
[BlackElo "2881"]
[PlyCount "128"]
[EventDate "2014.03.06"]
[EventType "tourn (rapid)"]
[EventRounds "6"]
[EventCountry "BRA"]
[EventCategory "16"]
[SourceTitle "CBM 159"]
[Source "ChessBase"]
[SourceDate "2014.03.17"]

1. e4 c5 2. Nf3 e6 3. d4 cxd4 4. Nxd4 a6 5. Bd3 Ne7 6. c4 Nbc6 7. Nf3 Ng6 8.
O-O Bc5 9. Nc3 d6 10. a3 O-O 11. b4 Ba7 12. Qe2 e5 13. h3 Nd4 14. Nxd4 Bxd4 15.
Bd2 Qh4 16. Qf3 Be6 17. Rac1 Rac8 18. Nd5 Bxd5 19. cxd5 Nf4 20. Bxf4 Qxf4 21.
Qxf4 exf4 22. a4 h5 23. Rfd1 Bb2 24. Rb1 Be5 25. Rbc1 g6 26. Kf1 Kg7 27. Ke2 g5
28. f3 Kf6 29. Kd2 Bd4 30. Rc4 Rxc4 31. Bxc4 Rc8 32. Kd3 Ke5 33. Rb1 g4 34.
hxg4 hxg4 35. Rh1 gxf3 36. gxf3 Be3 37. Rh5+ Kf6 38. Rh6+ Ke7 39. b5 axb5 40.
Bxb5 Rc1 41. e5 Rd1+ 42. Ke4 Bc5 43. exd6+ Bxd6 44. Rh8 Re1+ 45. Kf5 Re5+ 46.
Kg4 Rxd5 47. Re8+ Kf6 48. Rd8 Rg5+ 49. Kh4 Bc5 50. Rd7 Bf2+ 51. Kh3 Rg3+ 52.
Kh2 b6 53. Bc4 Bg1+ 54. Kh1 Be3 55. Rxf7+ Ke5 56. Be2 Bc5 57. Rh7 Kd4 58. Rh5
Ke3 59. Ba6 Kxf3 60. Bb7+ Ke2 61. a5 f3 62. Re5+ Kf2 63. Rh5 bxa5 64. Rh2+ Ke1
0-1

[Event "Zuerich Chess Challenge"]
[Site "Zuerich"]
[Date "2014.02.01"]
[Round "3"]
[White "Nakamura, Hikaru"]
[Black "Carlsen, Magnus"]
[Result "0-1"]
[WhiteElo "2789"]
[BlackElo "2872"]
[Annotator "Krasenkow,M"]
[PlyCount "122"]
[EventDate "2014.01.30"]
[EventType "tourn"]
[EventRounds "5"]
[EventCountry "SUI"]
[EventCategory "22"]
[SourceTitle "CBM 159"]
[Source "ChessBase"]
[SourceDate "2014.03.17"]

1. d4 Nf6 2. c4 e6 3. Nc3 Bb4 4. f3 d5 5. a3 Be7 6. e4 dxe4 7. fxe4 e5 8. d5
Bc5 9. Bg5 (9. Nf3 {is more common.}) 9... O-O (9... h6 {is usually played
here. An old example:} 10. Bh4 Bd4 11. Nf3 Bxc3+ 12. bxc3 Qd6 13. Bd3 Nbd7 14.
O-O O-O 15. Kh1 Nc5 16. Qe2 Bg4 17. Qe3 Nfd7 18. Bg3 Bxf3 {1/2 (18) Moskalenko,
V (2500)-Chekhov,V (2480) Leningrad 1989}) 10. Nf3 Bg4 {Black has a different
concept. Anticipating White's long castling, he doesn't want to weaken his
queenside by means of ...h7-h6. However, the present game shows that it is not
easy to equalise in any case.} (10... h6 11. Bh4 Bg4 12. Bd3 (12. h3 $5) 12...
Nbd7 13. h3 Bxf3 14. Qxf3 c6 15. O-O-O Bd4 16. Ne2 Qb6 17. Nxd4 exd4 18. Bxf6
Nxf6 19. e5 cxd5 20. exf6 dxc4 21. fxg7 Rfc8 22. Bf5 c3 23. Qf2 cxb2+ 24. Kb1
Rc3 25. Rd3 $18 {1-0 (47) Yakimenko,A (2178)-Stojcevski,Z (2352) Sunny Beach
2011}) (10... a5 $5 11. Qd2 Qd6 12. Be3 $6 (12. O-O-O) 12... Na6 13. Bd3 Bd7
14. O-O Qb6 15. Rae1 Ng4 $36 {0-1 (57) Kantorik,M (2289)-Solodovnichenko,Y 
(2430) Zvolen 2000}) 11. h3 Bxf3 12. Qxf3 Nbd7 (12... Bd4 13. Ne2 $1 Bxb2 $140
$6 14. Ra2 Bd4 15. Nxd4 exd4 16. e5 $16) 13. O-O-O Bd4 14. Ne2 $1 c5 (14... Nc5
$4 15. Nxd4 exd4 16. e5 h6 17. Bxf6 gxf6 18. exf6 {1-0 (18) Petrosian,K (2340)
-Suess,M Budapest 1990}) ({But perhaps it was better to refrain from the text
move keeping a possibility to play ...c7-c6 later on:} 14... Re8 {Black even
sacrifices a pawn but obtains the e5-square if White takes on d4:} 15. Nxd4 (
15. Kb1 c6 $1) 15... exd4 16. Rxd4 Qe7 17. Bd3 $140 Ne5 18. Qe3 c5 19. dxc6
bxc6) 15. g4 a5 $2 (15... a6 $1 {[%cal Yb7b5,Ya8b8] was now a must.}) 16. Kb1
Ra6 17. Ng3 {Suddenly it turns out that Black can hardly develop his attack
since he can't push ...b7-b5. Meanwhile, White's assault goes slowly but
smoothly.} g6 $6 {This weakening move makes White's attack unstoppable. It was
better to refrain from it, even allowing White's knight will a powerful
position on f5:} (17... Rb6 {is useless, e.g.} 18. Rh2 a4 19. h4 Rb3 20. Rd3) (
17... a4 $142 18. Nf5 Qa5 19. Rh2 Rb6 {[%cal Rb6b3]} 20. Bc1 $140 Ne8 $1 {
[%cal Ye8d6]}) 18. h4 a4 19. Rh2 (19. Bh6 Ne8 (19... Re8 $2 20. g5 Nh5 21. Nxh5
gxh5 22. Bh3) 20. Bxf8 Rf6 21. Qd3 Kxf8 {wins an exchange but White wants more.
}) 19... Qa5 20. Bd2 Qc7 21. g5 Ne8 22. h5 Rb6 23. Bc1 Rb3 24. Qg4 Nb6 25. Be2
Nd6 26. Rdh1 Bxb2 {Desperation.} (26... Nbxc4 27. Bxc4 Nxc4 28. hxg6 fxg6 29.
Qe6+ Qf7 30. Rxh7 $1 Qxe6 31. dxe6 $18) 27. Bxb2 Nbxc4 28. Bxc4 Nxc4 29. hxg6
Qb6 $1 {Magnus Carlsen finds the most stubborn defence. It is not easy for
White to find the decisive blow over the board.} 30. g7 (30. gxf7+ $142 $1 Rxf7
31. Nh5 $1 Rxb2+ 32. Ka1 Rxh2 33. Nf6+ Kg7 34. Rxh2 $18 {(K.Landa)}) 30... Rd8
31. Qh4 Rxb2+ 32. Ka1 Rxh2 33. Rxh2 Qg6 34. Nf5 Re8 35. Qg4 {White fails to
find the winning idea:} (35. Qf2 b6 (35... Nd6 36. Rh6) 36. Rxh7 $1 Qxh7 37.
Nh6+ $18) 35... Qb6 36. Qh3 (36. g6 $1 Qxg6 (36... fxg6 37. Nh6+ Kxg7 38. Qd7+)
37. Qh3 $18 {[%cal Rh2g2]}) 36... Qg6 37. d6 $2 {Wrong!} (37. Qf3 $1 {[%cal
Rh2h7] was still good enough.}) 37... Nxd6 $8 38. Nxd6 Rd8 $1 39. Nc4 $2 (39.
Nc8 $3 Kxg7 40. Ne7 Rd1+ 41. Ka2 Qe6+ (41... Qb6 42. Qxh7+ Kf8 43. Qh6+) (41...
Qxg5 42. Nf5+ Kf8 43. Ne3) 42. Qxe6 fxe6 43. Rh6 {still gave White some
winning chances but Hikaru Nakamura had no chances to find such niceties that
day.}) 39... Qxe4 40. Qh5 $4 (40. Ne3 $13) 40... Rd3 $1 {Black starts a
decisive counter-attack.} 41. Rh4 Qf5 42. Qe2 b5 43. Nd2 Qxg5 (43... Rxa3+ 44.
Kb2 Rg3 {was even stronger but the World Champion correctly judges that his
pawn avalanche will be much stronger than White's knight anyway.}) 44. Qxd3
Qxh4 45. Ne4 Kxg7 46. Qf3 (46. Qd5 Qf4 47. Nxc5 Qd4+ $19 {K}) 46... Qf4 47.
Qg2+ Kf8 48. Kb2 h5 49. Nd2 h4 50. Kc2 b4 51. axb4 cxb4 52. Qa8+ Kg7 53. Qxa4
h3 54. Qb3 h2 55. Qd5 e4 56. Qh5 e3 57. Nf3 e2 58. Kb3 f6 59. Ne1 Qg3+ 60. Ka4
Qg1 61. Qxe2 Qa7+ 0-1

[Event "Zuerich Chess Challenge"]
[Site "Zuerich"]
[Date "2014.01.30"]
[Round "1"]
[White "Carlsen, Magnus"]
[Black "Gelfand, Boris"]
[Result "1-0"]
[WhiteElo "2872"]
[BlackElo "2777"]
[Annotator "Nielsen,PH"]
[PlyCount "73"]
[EventDate "2014.01.30"]
[EventType "tourn"]
[EventRounds "5"]
[EventCountry "SUI"]
[EventCategory "22"]
[SourceTitle "CBM 159"]
[Source "ChessBase"]
[SourceDate "2014.03.17"]

{After his win in Chennai, Magnus took a 2 month break from chess, discounting
an indeed effective, yet rather risky attacking victory against Bill Gates.
The prolog in Zurich was a 5 round blitz tournament to determine the pairings.
Despite his actually winning it did indicate some rustiness in the champion's
play, but in his first classical game as World Champion, we saw Magnus from
his absolutely best side.} 1. c4 g6 2. d4 $5 {Having given it a shot at
avoiding the Grünfeld, Magnus reacts to Gelfand's surprising 1...g6 by
actually allowing it! It might seem inconsistent, but one of Magnus' many
strengths is huge flexibility and not being dependent on a specific opening
choice.} Nf6 3. Nf3 Bg7 4. g3 c6 5. Bg2 d5 6. Qa4 $5 {An interesting line,
which became popular after Magnus used it to get a decent position against
Peter Svidler in Linares 2007. The inspiration then came from leafing through
Larsen's book ZOOM (Zero hour opening models). As Gelfand has mentioned it as
a book with a huge impact on his chess development, I guess hoping for 6.Qa4
being a surprise is too much, but even objectively it's an interesting line.}
O-O 7. O-O Nfd7 $5 (7... Bf5 {was what Svidler played, but after:} 8. Nc3 Nbd7
9. cxd5 Nb6 10. Qb3 Nfxd5 11. Rd1 Qd6 12. Bd2 Nxc3 13. Bxc3 Qe6 14. d5 $5 {
Magnus had a pleasant edge, as after exchanging on g7 and Nd4 White gets back
the pawn with risk-free pressure.}) (7... a6 8. Bf4 Be6 9. cxd5 cxd5 10. Qb3
Ra7 {was Aronian's creative way of handling the position im Monaco 2011, but
there too Magnus had a pleasant position, despite both games eventually being
drawn.}) (7... Nbd7 8. cxd5 Nb6 {has also been played, but the claim is that
after ...cxd5 the knight would rather be on b8, ready to go to c6, than sort
of misplaced on b6.}) 8. Qc2 Nf6 $5 {A very interesting novelty.} ({Against
Fressinet Gelfand had an unpleasant position after} 8... dxc4 9. Qxc4 Nb6 10.
Qc2 Na6 11. Rd1 {, but as always had done his homework well and has an very
interesting idea in mind, which made Magnus think for more than half an hour.})
9. Bf4 $5 {Probably White's best way to fight for an opening advantage. The
position after 8...Nf6 had previously occurred in quite a few games, but
always with Black to move! But in some way, White is actually in some kind of
zugzwang. The natural 9.Nc3 is answered by 9...dxc4 when its not obvious how
White gets his pawn back, and 9.Rd1 Bf5 10.Qb3 Qb6 already threatens 11...Qxb3
followed by 12...Bc2.} Bf5 10. Qb3 Qb6 11. Nbd2 Ne4 $5 {Nothing seems wrong
with 11...Nbd7, but Gelfand tries putting pressure in the centre and keeps the
option of putting the knight on c6, should White exchange on d5.} 12. e3 (12.
cxd5 Qxb3 13. Nxb3 cxd5 {[%cal Gb8c6] illustrates exactly that point, when
Black due to the knight coming to c6 is completely fine, so Magnus has to try
and keep the tension.}) 12... Qxb3 13. axb3 Na6 14. cxd5 cxd5 {A seemingly
dull position with no advantage for White would be the obvious conclusion.
Quite similar to Magnus' game against Caruana later in the tournament. And in
both games after just a few more moves, almost like by magic, suddenly Carlsen
has an overwhelming initiative.} 15. g4 $1 {An excellent move, with a good mix
of objective merits and provocation. Gelfand, being a principled player, of
course reacts with the critical continuation, accepting the sacrifice.} Bxg4 (
15... Nxd2 16. Nxd2 Be6 {was possible, but apart from the natural 17.Rfc1 Rfc8
18.Rc3!? also 17.Nb1!? keeps putting pressure on the black position.}) 16. Nxe4
dxe4 17. Nd2 f5 {The price Black has to pay for winning the pawn, is that his
bishop on g4 now is shut out, and can't help in defending the weak black
queenside.} 18. f3 e5 $5 (18... exf3 19. Nxf3 {illustrates well White's idea.
He is a pawn down, but his bishops points at the queensinde, and Black seems
not to be able to defend b7, when White's knight goes to either e5 or g5.
However there seems to be a hidden defence:} Rad8 $1 20. Ne5 (20. Ng5 e5 $1 21.
dxe5 Rfe8 22. Bxb7 Nb4 {is indeed a very computerish line, but Black seems to
generate enough counterplay just in time.}) 20... Bxe5 21. Bxe5 Rd7 {and
allthough White definitely still has sufficient compensation, Black's position
does seem very solid keeping the game in balance.}) 19. dxe5 exf3 20. Nxf3 Rae8
{Gelfand's play as always follows a clear logical path, and by sacrificing
back the pawn, it seems like he has neutralised the pressure of White's
bishops.} (20... Rfe8 {wouldn't be an inprovement, as} 21. Nd4 {attacking b7,
then caused trouble, but now this can be met by 21...Bxe5 22.Bxb7 Nb4 as there
is no longer a rook hanging on a8.}) 21. Ra5 $1 {It almost seems like White
goes to great lengths to hang on to his extra pawn, but it's actually equal
material, and White developing his initiative! Yes, he does have seemingly
weak doubled pawns, but like this Magnus defends the pawn on e5, thus being
ready for Nd4 or Ng5 very much making it a tactical battle, and not a quiet
positional game.} Nb4 22. Nd4 b6 23. Rxa7 Bxe5 {Again, Gelfand's play is
consistent and logical. Pushing away the white rook, he eliminated the pawn on
e5, and the knight on b4 controls the d5-square, keeping White's bishop from
checking on d5. A first sight, it would seem Black has solved his problems.}
24. Bh6 $1 Rf6 {An uncomfortable necessity, allowing White access to g7, but
the more obvious looking} (24... Rf7 {is answered very strongly by} 25. Ra4 Bd6
26. Rfa1 $1 {when defending against 27.Ra8! with a white mating attack becomes
very difficult, with White already being close to winning.}) 25. h3 (25. Ra4 $5
{would also have been very interesting, and maybe even better than the game
continuation. It's based on the tactical point} Bd6 26. Nb5 Bc5 27. Nc7 Rd8 28.
Rxb4 $1 Bxb4 29. Nd5 {when surprisingly despite being an exchange up, there is
no way only to sacrifice it back, as 29...Be7 would just be captured, and 29...
Rxd5 30.Bxd5+ Kh8 31.Ra1! wins further material due to the mating threat.} Rfd6
30. Nxb4 Rd1 {still do keep some drawing chances for Black though.}) 25... Bh5
$6 {Hard to believe, but this retreat weakens f5! Resolute defence with} (25...
Bxd4 $1 26. exd4 Be2 27. Rc1 g5 $1 {would come close to saving the game for
Black. The most tempting move looks to be} 28. Rg7+ Kh8 29. Re7 $1 {but after}
Rg8 30. Bxg5 Rxg5 31. Rc8+ Rg8 32. Rxg8+ Kxg8 33. Rxe2 {although White is
still considerably better, I would think Black has as good chances of saving
the game, as White has of winning it. The b-pawn is not much of an extra pawn
and ...Kf7 and ...Rd6 a solid setup making it very hard for White to break
through.}) 26. Nc2 $3 {An excellent tactical resource, illustrating that the
position despite the exchanged queens in no way resembles an endgame, but that
king safety is the dominating factor. By offering Black a chance to take on c2,
Magnus wins access to the d5-square for his bishop, and the direct acceptance
of the sacrifice leads to: 26...Nxc2 27.Bd5+ Rfe6 (27...Kh8 28.Bg7 is mate!)
28.Rc1 wins the knight, leaving White with an extra exchange, as 28...Nb4 29.
Bxe6+ Rxe6 30.Rc8 mates.} g5 $1 {The only way to fight back, challenging the
bishop on h6 just in time as now the black knight still controls the d5-square.
} 27. Bxg5 Rg6 28. Rxf5 $1 {This was the whole point of 25.h3. The black
bishop had to be lured to h5, leaving the f5-pawn unprotected.} h6 29. Bxh6 $5
{Keeping true to the style of the game, but actually the more modest} (29. Nxb4
$1 {might be objectively better as after} Rxg5 30. Rxg5+ hxg5 31. Bd5+ Kf8 (
31... Kh8 32. Bf7 Bxf7 33. Rxf7 Bxb2 34. Nd5 {also should win easily as White
will just bring up his king with decisive effect}) 32. Nc6 Bxb2 33. Kf2 {
Despite White being only one pawn up, he here has a dominating grip on the
position, and should win rather trivially.}) 29... Rxh6 $2 (29... Bf3 $1 {
amazingly prolongs the resistance. The point is that after 30.Rxf3 Nxc2 the
bishop on h6 is hanging, and ...Ne1 a threat, so White has to play} 30. Rg5
Rxg5 31. Bxg5 Bxg2 32. Nxb4 Bxh3 33. Nd5 {keeping good winning chances, but
not as easy a task, as after 29.Nxb4!}) (29... Nxc2 30. Rxh5 {Now the bishop
on h6 is protected, and} Ne1 31. Rg5 $1 {Just wins.}) 30. Nxb4 Bxb2 31. Nd5 Kh8
32. Rb7 Bd1 33. b4 Rg8 34. Ne7 Rd8 35. Be4 Bf6 $2 {In time trouble Gelfand
blunders, but even if it would take some time, White's extra pawns would
suffice for a win.} 36. Rxb6 Kg7 37. Rf2 $1 {Threatening 38.Nf5+ and if 37...
Bxe7 then 38.Rg2+! forces the black king to leave the protection of the rook
on h6, so Gelfand resigned. An excellent start for Magnus, and while not
exactly without further adventures he kept up the pace and with 4/5 in the
classical control improved on his own rating record as well as gaining a huge
lead before the final rapids, when even a rather unstable performance sufficed
to give him a win in the overall standings too.} 1-0

[Event "Mountain View Churchill CC sim"]
[Site "Mountain View"]
[Date "2014.01.16"]
[Round "?"]
[White "Carlsen, Magnus"]
[Black "Talamantez, Abel"]
[Result "1-0"]
[WhiteElo "2872"]
[BlackElo "1918"]
[PlyCount "83"]
[EventDate "2014.01.16"]
[EventType "simul"]
[EventRounds "1"]
[EventCountry "USA"]
[SourceTitle "EXT 2015"]
[Source "ChessBase"]
[SourceDate "2014.11.20"]

1. Nf3 d5 2. d4 Nf6 3. c4 e6 4. Bg5 Be7 5. Nc3 O-O 6. e3 h6 7. Bh4 b6 8. Be2
dxc4 9. Bxc4 Bb7 10. O-O Nd5 11. Bg3 Nxc3 12. bxc3 Nd7 13. Re1 c5 14. Bd3 Re8
15. Qe2 cxd4 16. cxd4 Nf6 17. a4 Ne4 18. Bxe4 Bxe4 19. Qd1 Bxf3 20. Qxf3 Qd5
21. Qxd5 exd5 22. Reb1 Rac8 23. a5 Bd8 24. Rb3 Rc4 25. Rb5 bxa5 26. Rxd5 Bb6
27. h4 Rec8 28. Kh2 a4 29. Bf4 Bc7 30. Bxc7 R8xc7 31. Ra5 Kh7 32. R1xa4 Rc2 33.
Kg3 Re2 34. Rxa7 Rxa7 35. Rxa7 Kg6 36. h5+ Kxh5 37. Rxf7 Ra2 38. e4 Kg6 39. Rf8
Ra3+ 40. Kf4 Ra2 41. Ke5 Rxf2 42. Rxf2 1-0